| 000 | 00357nam a22001457a 4500 | ||
|---|---|---|---|
| 003 | SGT | ||
| 020 | _a9780631198253 | ||
| 082 | _a305.42,WEE | ||
| 100 | _aWEEDON,CHRIS | ||
| 245 | _aFEMINIST PRACTICE & POSTSTRUCTURALIST THEORY | ||
| 260 |
_aUSA _bBLACKWELL WILEY _c2007 |
||
| 300 | _a195 | ||
| 650 | _aSOCIAL SCIENCE( SOCIAL GROUP ) | ||
| 942 |
_2ddc _cBK _01 |
||
| 999 |
_c22056 _d22056 |
||